<?xml version="1.0" encoding="UTF-8"?>
<record
    xmlns:xsi="http://www.w3.org/2001/XMLSchema-instance"
    xsi:schemaLocation="http://www.loc.gov/MARC21/slim http://www.loc.gov/standards/marcxml/schema/MARC21slim.xsd"
    xmlns="http://www.loc.gov/MARC21/slim">

  <leader>00363nam a2200145Ia 4500</leader>
  <controlfield tag="005">20260508152202.0</controlfield>
  <controlfield tag="008">191201s2006    xx            000 0 und d</controlfield>
  <datafield tag="100" ind1=" " ind2=" ">
    <subfield code="a">Deswal, S</subfield>
  </datafield>
  <datafield tag="245" ind1=" " ind2="3">
    <subfield code="a">An Introduction to Environmental Science</subfield>
  </datafield>
  <datafield tag="250" ind1=" " ind2=" ">
    <subfield code="a">1st</subfield>
  </datafield>
  <datafield tag="260" ind1=" " ind2=" ">
    <subfield code="c">2006</subfield>
    <subfield code="b">Dhanpat Rai Pubns (P) Ltd</subfield>
    <subfield code="a">N.Delhi</subfield>
  </datafield>
  <datafield tag="300" ind1=" " ind2=" ">
    <subfield code="a">820</subfield>
  </datafield>
  <datafield tag="650" ind1=" " ind2=" ">
    <subfield code="a">APPLIED</subfield>
  </datafield>
  <datafield tag="942" ind1=" " ind2=" ">
    <subfield code="2">ddc</subfield>
    <subfield code="c">BB</subfield>
  </datafield>
  <datafield tag="999" ind1=" " ind2=" ">
    <subfield code="c">7183</subfield>
    <subfield code="d">7183</subfield>
  </datafield>
  <datafield tag="952" ind1=" " ind2=" ">
    <subfield code="0">0</subfield>
    <subfield code="1">0</subfield>
    <subfield code="2">ddc</subfield>
    <subfield code="4">0</subfield>
    <subfield code="7">0</subfield>
    <subfield code="8">APPLIED</subfield>
    <subfield code="a">PIET</subfield>
    <subfield code="b">PIET</subfield>
    <subfield code="d">2006-08-26</subfield>
    <subfield code="e">M/s UDH , Delhi</subfield>
    <subfield code="g">90.00</subfield>
    <subfield code="k">1268</subfield>
    <subfield code="l">0</subfield>
    <subfield code="p">BB783</subfield>
    <subfield code="r">2019-12-04 00:00:00</subfield>
    <subfield code="w">2006-08-26</subfield>
    <subfield code="y">BB</subfield>
  </datafield>
  <datafield tag="952" ind1=" " ind2=" ">
    <subfield code="0">0</subfield>
    <subfield code="1">0</subfield>
    <subfield code="2">ddc</subfield>
    <subfield code="4">0</subfield>
    <subfield code="7">0</subfield>
    <subfield code="8">APPLIED</subfield>
    <subfield code="a">PIET</subfield>
    <subfield code="b">PIET</subfield>
    <subfield code="d">2006-08-26</subfield>
    <subfield code="e">M/s UDH , Delhi</subfield>
    <subfield code="g">90.00</subfield>
    <subfield code="k">1268</subfield>
    <subfield code="l">0</subfield>
    <subfield code="p">BB784</subfield>
    <subfield code="r">2019-12-04 00:00:00</subfield>
    <subfield code="w">2006-08-26</subfield>
    <subfield code="y">BB</subfield>
  </datafield>
  <datafield tag="952" ind1=" " ind2=" ">
    <subfield code="0">0</subfield>
    <subfield code="1">0</subfield>
    <subfield code="2">ddc</subfield>
    <subfield code="4">0</subfield>
    <subfield code="7">0</subfield>
    <subfield code="8">APPLIED</subfield>
    <subfield code="a">PIET</subfield>
    <subfield code="b">PIET</subfield>
    <subfield code="d">2006-08-26</subfield>
    <subfield code="e">M/s UDH , Delhi</subfield>
    <subfield code="g">90.00</subfield>
    <subfield code="k">1268</subfield>
    <subfield code="l">0</subfield>
    <subfield code="p">BB785</subfield>
    <subfield code="r">2019-12-04 00:00:00</subfield>
    <subfield code="w">2006-08-26</subfield>
    <subfield code="y">BB</subfield>
  </datafield>
  <datafield tag="952" ind1=" " ind2=" ">
    <subfield code="0">0</subfield>
    <subfield code="1">0</subfield>
    <subfield code="2">ddc</subfield>
    <subfield code="4">0</subfield>
    <subfield code="7">0</subfield>
    <subfield code="8">APPLIED</subfield>
    <subfield code="a">PIET</subfield>
    <subfield code="b">PIET</subfield>
    <subfield code="d">2006-08-26</subfield>
    <subfield code="e">M/s UDH , Delhi</subfield>
    <subfield code="g">90.00</subfield>
    <subfield code="k">1268</subfield>
    <subfield code="l">0</subfield>
    <subfield code="p">BB786</subfield>
    <subfield code="r">2019-12-04 00:00:00</subfield>
    <subfield code="w">2006-08-26</subfield>
    <subfield code="y">BB</subfield>
  </datafield>
  <datafield tag="952" ind1=" " ind2=" ">
    <subfield code="0">0</subfield>
    <subfield code="1">0</subfield>
    <subfield code="2">ddc</subfield>
    <subfield code="4">0</subfield>
    <subfield code="7">0</subfield>
    <subfield code="8">APPLIED</subfield>
    <subfield code="a">PIET</subfield>
    <subfield code="b">PIET</subfield>
    <subfield code="d">2006-08-26</subfield>
    <subfield code="e">M/s UDH , Delhi</subfield>
    <subfield code="g">90.00</subfield>
    <subfield code="k">1268</subfield>
    <subfield code="l">1</subfield>
    <subfield code="p">BB787</subfield>
    <subfield code="q">2021-05-24</subfield>
    <subfield code="r">2020-11-04 00:00:00</subfield>
    <subfield code="s">2020-11-04</subfield>
    <subfield code="w">2006-08-26</subfield>
    <subfield code="y">BB</subfield>
  </datafield>
  <datafield tag="952" ind1=" " ind2=" ">
    <subfield code="0">0</subfield>
    <subfield code="1">0</subfield>
    <subfield code="2">ddc</subfield>
    <subfield code="4">0</subfield>
    <subfield code="7">0</subfield>
    <subfield code="8">APPLIED</subfield>
    <subfield code="a">PIET</subfield>
    <subfield code="b">PIET</subfield>
    <subfield code="d">2006-08-26</subfield>
    <subfield code="e">M/s UDH , Delhi</subfield>
    <subfield code="g">90.00</subfield>
    <subfield code="k">1268</subfield>
    <subfield code="l">0</subfield>
    <subfield code="p">BB788</subfield>
    <subfield code="r">2019-12-04 00:00:00</subfield>
    <subfield code="w">2006-08-26</subfield>
    <subfield code="y">BB</subfield>
  </datafield>
  <datafield tag="952" ind1=" " ind2=" ">
    <subfield code="0">0</subfield>
    <subfield code="1">0</subfield>
    <subfield code="2">ddc</subfield>
    <subfield code="4">0</subfield>
    <subfield code="7">0</subfield>
    <subfield code="8">APPLIED</subfield>
    <subfield code="a">PIET</subfield>
    <subfield code="b">PIET</subfield>
    <subfield code="d">2006-08-26</subfield>
    <subfield code="e">M/s UDH , Delhi</subfield>
    <subfield code="g">90.00</subfield>
    <subfield code="k">1268</subfield>
    <subfield code="l">0</subfield>
    <subfield code="p">BB789</subfield>
    <subfield code="r">2019-12-04 00:00:00</subfield>
    <subfield code="w">2006-08-26</subfield>
    <subfield code="y">BB</subfield>
  </datafield>
  <datafield tag="952" ind1=" " ind2=" ">
    <subfield code="0">0</subfield>
    <subfield code="1">0</subfield>
    <subfield code="2">ddc</subfield>
    <subfield code="4">0</subfield>
    <subfield code="7">0</subfield>
    <subfield code="8">APPLIED</subfield>
    <subfield code="a">PIET</subfield>
    <subfield code="b">PIET</subfield>
    <subfield code="d">2006-08-26</subfield>
    <subfield code="e">M/s UDH , Delhi</subfield>
    <subfield code="g">90.00</subfield>
    <subfield code="k">1268</subfield>
    <subfield code="l">1</subfield>
    <subfield code="p">BB790</subfield>
    <subfield code="q">2021-05-24</subfield>
    <subfield code="r">2020-11-03 00:00:00</subfield>
    <subfield code="s">2020-11-03</subfield>
    <subfield code="w">2006-08-26</subfield>
    <subfield code="y">BB</subfield>
  </datafield>
  <datafield tag="952" ind1=" " ind2=" ">
    <subfield code="0">0</subfield>
    <subfield code="1">0</subfield>
    <subfield code="2">ddc</subfield>
    <subfield code="4">0</subfield>
    <subfield code="7">0</subfield>
    <subfield code="8">APPLIED</subfield>
    <subfield code="a">PIET</subfield>
    <subfield code="b">PIET</subfield>
    <subfield code="d">2006-08-26</subfield>
    <subfield code="e">M/s UDH , Delhi</subfield>
    <subfield code="g">90.00</subfield>
    <subfield code="k">1268</subfield>
    <subfield code="l">1</subfield>
    <subfield code="p">BB791</subfield>
    <subfield code="q">2021-05-24</subfield>
    <subfield code="r">2020-11-03 00:00:00</subfield>
    <subfield code="s">2020-11-03</subfield>
    <subfield code="w">2006-08-26</subfield>
    <subfield code="y">BB</subfield>
  </datafield>
  <datafield tag="952" ind1=" " ind2=" ">
    <subfield code="0">0</subfield>
    <subfield code="1">0</subfield>
    <subfield code="2">ddc</subfield>
    <subfield code="4">0</subfield>
    <subfield code="7">0</subfield>
    <subfield code="8">APPLIED</subfield>
    <subfield code="a">PIET</subfield>
    <subfield code="b">PIET</subfield>
    <subfield code="d">2006-08-26</subfield>
    <subfield code="e">M/s UDH , Delhi</subfield>
    <subfield code="g">90.00</subfield>
    <subfield code="k">1268</subfield>
    <subfield code="l">0</subfield>
    <subfield code="p">BB792</subfield>
    <subfield code="r">2019-12-04 00:00:00</subfield>
    <subfield code="w">2006-08-26</subfield>
    <subfield code="y">BB</subfield>
  </datafield>
  <datafield tag="952" ind1=" " ind2=" ">
    <subfield code="0">0</subfield>
    <subfield code="1">0</subfield>
    <subfield code="2">ddc</subfield>
    <subfield code="4">0</subfield>
    <subfield code="7">0</subfield>
    <subfield code="8">APPLIED</subfield>
    <subfield code="a">PIET</subfield>
    <subfield code="b">PIET</subfield>
    <subfield code="d">2006-08-26</subfield>
    <subfield code="e">M/s UDH , Delhi</subfield>
    <subfield code="g">90.00</subfield>
    <subfield code="k">1268</subfield>
    <subfield code="l">0</subfield>
    <subfield code="p">BB793</subfield>
    <subfield code="r">2019-12-04 00:00:00</subfield>
    <subfield code="w">2006-08-26</subfield>
    <subfield code="y">BB</subfield>
  </datafield>
</record>
